Scoop /

Bibliographic Details
Main Author: Waugh, Evelyn, 1903-1966
Format: Book
Language:English
Published: Boston : Little, Brown and company, 1938.
Edition:1st ed.

MARC

Tag First Indicator Second Indicator Subfields
LEADER 00000cam a2200000 4500
001 in00000008019
005 20151002070118.0
008 770614s1938 mau 00011 eng
010 |a  38017007  
035 |a (OCoLC)03040121 
035 |9 AAA0372AM 
040 |a DLC  |c SUC  |d SUC  |d m.c.  |d TXA  |d UtOrBLW 
050 4 |a PZ3.W356  |b Sc 1938 
090 |a PR6045.A97  |b S33 1938 
100 1 |a Waugh, Evelyn,  |d 1903-1966. 
245 1 0 |a Scoop /  |c Evelyn Waugh. 
250 |a 1st ed. 
264 1 |a Boston :  |b Little, Brown and company,  |c 1938. 
300 |a 321 pages ;  |c 22 cm. 
336 |a text  |b txt  |2 rdacontent 
337 |a unmediated  |b n  |2 rdamedia 
338 |a volume  |b nc  |2 rdacarrier 
999 |a MARS 
999 f f |s 67bdd104-3b70-3d6a-b841-3561e850a82c  |i 1cf55342-6943-34fe-b328-f600ab309c94  |t 0 
952 f f |p normal  |a Texas A&M University  |b College Station  |c Sterling C. Evans Library  |s Evans stk  |d Evans: Library Stacks  |t 0  |e PR6045.A97 S33 1938  |h Library of Congress classification  |i unmediated -- volume  |m A14812571909 
998 f f |a PR6045.A97 S33 1938  |t 0  |l Evans: Library Stacks